书目信息 |
| 题名: |
工程数据库技术
|
|
| 作者: | ? | |
| 分册: | ||
| 出版信息: | 北京 机械工业出版社 1995.12 |
|
| 页数: | 205页 | |
| 开本: | 32开 | |
| 丛书名: | ||
| 单 册: | ||
| 中图分类: | TP392 | |
| 科图分类: | ||
| 主题词: | 计算机应用 | |
| 电子资源: | ||
| ISBN: | 7-111-04816-4 | |
| 000 | 00544nam0 2200193 45 | |
| 001 | 0001040557 | |
| 005 | 20000104053140.3 | |
| 010 | @a7-111-04816-4@d16.00元 | |
| 100 | @a20000104d1995 km y0chiy0120 ea | |
| 101 | 0 | @achi |
| 105 | @a z 000yy | |
| 200 | 1 | @a工程数据库技术@AGong Cheng Shu Ju Ku Ji Shu@f郑怀远主编@FZheng Huai Yuan Zhu Bian |
| 210 | @a北京@c机械工业出版社@d1995.12 | |
| 215 | @a205页@d32开 | |
| 606 | 0 | @a计算机应用 |
| 690 | @aTP392@v3 | |
| 701 | 0 | @a? |
| 801 | @aCN@bPftUser@c20000104 | |
| 905 | @b411434-438@dTP392@eZH914@f5 | |
| 工程数据库技术/郑怀远主编.-北京:机械工业出版社,1995.12 |
| 205页;32开 |
| ISBN 7-111-04816-4:16.00元 |
| ● |
| 相关链接 |
|
|
|
正题名:工程数据库技术
索取号:TP392/ZH914
 
预约/预借
| 序号 | 登录号 | 条形码 | 馆藏地/架位号 | 状态 | 备注 |
| 1 | 411434 | 204114341 | 期刊室512/301自科库 114排1列3层/ [索取号:TP392/ZH914] | 在馆 | |
| 2 | 411435 | 204114350 | 期刊室512/301自科库 114排1列3层/ [索取号:TP392/ZH914] | 在馆 | |
| 3 | 411437 | 204114378 | 自科二线504/504自科库 6排3列3层/ [索取号:TP392/ZH914] | 在馆 | |
| 4 | 411438 | 204114387 | 自科二线504/504自科库 6排3列3层/ [索取号:TP392/ZH914] | 在馆 |